[Event "Marseille op 2nd "]
[Site "Marseille"]
[Date "2009.12.26"]
[Round "2"]
[White "Bekhouche, Erick"]
[Black "Carre, Pierre Jean"]
[Result "1-0"]
[WhiteElo "1744"]
[BlackElo "1499"]
[PlyCount "65"]
[EventDate "2009.12.26"]
[EventType "swiss"]
[EventRounds "9"]
[EventCountry "FRA"]
[SourceTitle "CBM 134 Extra"]
[Source "ChessBase"]
[SourceDate "2010.03.03"]
[SourceVersion "1"]
[SourceVersionDate "2010.03.03"]
[SourceQuality "1"]

1. d4 g6 2. c4 Bg7 3. Nc3 Nf6 4. e4 d6 5. f3 0-0 6. Bg5 Nc6 7. Qd2 Qd7 8. Nh3 b6 9. Nf2 Bb7 10. d5 Ne5 11. Be2 Rfe8 12. 0-0 c6 13. Rad1 cxd5 14. Nxd5 Bxd5 15. cxd5 Rac8 16. h3 Rc7 17. b3 Qc8 18. Rc1 Ned7 19. b4 Ne5 20. Rxc7 Qxc7 21. Rc1 Qb7 22. f4 Ned7 23. Rc6 Nb8 24. Rc2 a6 25. Qc1 b5 26. Rc7 Qb6 27. Rc8 Rf8 28. Rxf8+ Kxf8 29. Kf1 h6 30. Bh4 Kg8 31. Qc8+ Kh7 32. Bxf6 Bxf6 33. Qf8 1-0

[Event "Marseille op 2nd "]
[Site "Marseille"]
[Date "2009.12.26"]
[Round "1"]
[White "Carre, Pierre Jean"]
[Black "Teychene, Jean Louis"]
[Result "0-1"]
[WhiteElo "1499"]
[BlackElo "1962"]
[PlyCount "60"]
[EventDate "2009.12.26"]
[EventType "swiss"]
[EventRounds "9"]
[EventCountry "FRA"]
[SourceTitle "CBM 134 Extra"]
[Source "ChessBase"]
[SourceDate "2010.03.03"]
[SourceVersion "1"]
[SourceVersionDate "2010.03.03"]
[SourceQuality "1"]

1. c4 e5 2. Nc3 Nf6 3. g3 Bb4 4. Bg2 0-0 5. Nf3 Nc6 6. d4 e4 7. Nd2 Re8 8. e3 Bxc3 9. bxc3 d5 10. cxd5 Qxd5 11. 0-0 Bg4 12. Qb3 Qd7 13. c4 Bh3 14. Bb2 Bxg2 15. Kxg2 Rab8 16. d5 Ne5 17. Bd4 c5 18. Bxc5 b5 19. Bb4 bxc4 20. Nxc4 Nd3 21. a3 Qxd5 22. Nd2 Nxb4 23. axb4 Qxd2 24. Rxa7 Qd5 25. Qa4 Qb5 26. Qb3 Rf8 27. Qa2 Qxb4 28. Rc1 Qb5 29. Qc4 Qe5 30. Qa2 Qf5 0-1